000 00515nam a2200193Ia 4500
005 20240823012533.0
008 240823s9999||||xx |||||||||||||| ||und||
020 _a81-7808-973-4
041 _aENGLISH
082 _A621.382 P3
100 _a"Cole,Marion"
245 0 _a"Introduction to Telecommunicatiom voice ,data and the internet"
250 _a2nd
260 _c2003
_bPearson Education (Singapore)
500 _aTRANSFERED
650 _aCommunication
_bElectronics
942 _cBK
999 _c164677
_d164677